00489 a2200145 450000500170000002000220001708200140003910000170005324500520007026000320012230000260015494200130018099900150019395201350020820250425104804.0 a978-1-47211-317-7 a813.6 McG aMcGUIRE, S.  aMidnight Blue-Light Special: A Incryptid Novel  aLondon, bCorsair, c2013.  a328p., ill., c20cm.  2ddccBKS c1650d1650 r2025-04-25 10:48:56l0o813.6 McGp0000006109v60000.00w2025-04-25yBKS102ddc407000aCBEMLbCBEMLcGENd2025-04-25g20000.00